| 000 | 00492nam a2200133 a 4500 | ||
|---|---|---|---|
| 008 | 120416s1974 ||||||||||||||||| || u | ||
| 050 | _aHF 5429 Kne | ||
| 100 | _aKneider, Albert P | ||
| 245 | 1 | 0 | _aMathematics of merchandising |
| 260 |
_aEnglewood Cliffs, N. J. _bFT Prentice-Hall _c1974 |
||
| 300 | _avi, 314p. : ill | ||
| 350 | _a0.00 | ||
| 995 |
_D0.00 _FCBU-MAIN LIBRARY (Kitwe) _H1 _I19.25 _UAVAILABLE _ZMain Library Open Access Collection |
||
| 999 |
_c50746 _d50746 |
||